Biggest Cities by Decade (1200-1290) - Statistics

General Stats
  • This quiz has been taken 44 times
    35 since last reset
  • The average score is 30 of 70
Answer Stats
Year Rank Population Answer % Correct
2. 250,000 Constantinople
89%
7. 140,000 Paris
89%
7. 150,000 Paris
89%
6. 160,000 Paris
89%
6. 170,000 Paris
89%
4. 180,000 Paris
89%
4. 200,000 Paris
89%
4. 210,000 Paris
89%
3. 300,000 Dadu
74%
3. 350,000 Dadu
74%
3. 200,000 Cairo
67%
2. 220,000 Cairo
67%
2. 240,000 Cairo
67%
2. 260,000 Cairo
67%
2. 280,000 Cairo
67%
2. 300,000 Cairo
67%
2. 320,000 Cairo
67%
2. 340,000 Cairo
67%
2. 360,000 Cairo
67%
2. 380,000 Cairo
67%
7. 150,000 Seville
48%
6. 150,000 Seville
48%
6. 150,000 Seville
48%
6. 150,000 Seville
48%
6. 150,000 Seville
48%
7. 140,000 Guangzhou
44%
7. 150,000 Guangzhou
44%
7. 160,000 Guangzhou
44%
7. 150,000 Guangzhou
44%
1280 1. 360,000 Hangzhou
41%
1290 1. 410,000 Hangzhou
41%
1200 1. 250,000 Lin'An
41%
1210 1. 260,000 Lin'An
41%
1220 1. 280,000 Lin'An
41%
1230 1. 290,000 Lin'An
41%
1240 1. 300,000 Lin'An
41%
1250 1. 320,000 Lin'An
41%
1260 1. 330,000 Lin'An
41%
1270 1. 340,000 Lin'An
41%
4. 200,000 Fez
26%
3. 200,000 Fez
26%
3. 200,000 Fez
26%
3. 200,000 Fez
26%
3. 200,000 Fez
26%
4. 200,000 Fez
26%
4. 190,000 Fez
26%
5. 180,000 Fez
26%
7. 170,000 Fez
26%
6. 160,000 Fez
26%
5. 200,000 Merv
22%
4. 200,000 Merv
22%
4. 200,000 Merv
22%
6. 180,000 Bagan
19%
5. 180,000 Bagan
19%
5. 180,000 Bagan
19%
4. 180,000 Bagan
19%
5. 180,000 Bagan
19%
5. 180,000 Bagan
19%
5. 180,000 Bagan
19%
6. 180,000 Bagan
19%
6. 180,000 Bagan
19%
7. 140,000 Marrakesh
19%
7. 140,000 Marrakesh
19%
5. 160,000 Kamakura
11%
4. 180,000 Kamakura
11%
3. 200,000 Kamakura
11%
3. 200,000 Kamakura
11%
3. 200,000 Kamakura
11%
5. 200,000 Kamakura
11%
5. 200,000 Kamakura
11%
No matching quizzes found
Score Distribution
Percent of People with Each Score
Percentile by Number Answered
Your Score History
You have not taken this quiz since the last reset